000 00441nam a2200169Ia 4500
005 20250508163431.0
008 008 250505s9999 xx 000 0 eng d
037 _aTextual
040 _aFEDL
_beng
_cFEDL
041 _aeng
_2eng
084 _aB, TAG
_qFEDL
245 0 _aRabindranath Tagore
260 _aLondon, UK
_bOxford University Press
_c1947
300 _a38p.
942 _cTEXL
_hB, TAG
999 _c1383203
_d1383203